000
00288nam a2200121Ia 4500
082
_a
614.1
_b
F12C
100
_a
CHAURASIA, BHASKAR
245
_a
TB. OF FORENSIC PHARMACY PHARMACEUTICAL JURISPRUDENCE
260
_b
CBS- DELHI
300
_a
478
650
_a
PHARMACEUTICS
942
_2
ddc
_c
BK
999
_c
7159
_d
7159